Văn phạm anh văn căn bản: mới mẻ, đầy đủ, dễ hiểu = Basic english grammar

में बचाया:
ग्रंथसूची विवरण
मुख्य लेखक: Đan Văn
स्वरूप: पुस्तक
भाषा:Undetermined
प्रकाशित: Hà Nội Khoa học Xã hội 2014
विषय:
टैग : टैग जोड़ें
कोई टैग नहीं, इस रिकॉर्ड को टैग करने वाले पहले व्यक्ति बनें!
Thư viện lưu trữ: Trung tâm Học liệu Trường Đại học Cần Thơ
LEADER 00636nam a2200217Ia 4500
001 CTU_194638
008 210402s9999 xx 000 0 und d
020 |c 96000 
082 |a 425 
082 |b Đ105 
100 |a Đan Văn 
245 0 |a Văn phạm anh văn căn bản: mới mẻ, đầy đủ, dễ hiểu = 
245 0 |b Basic english grammar 
245 0 |c Đan Văn 
260 |a Hà Nội 
260 |b Khoa học Xã hội 
260 |c 2014 
650 |a English language 
650 |x Văn phạm Anh văn,Grammar 
910 |a Nguyên 
980 |a Trung tâm Học liệu Trường Đại học Cần Thơ